Vplyv korporátov na politické rozhodovanie štátov bakalárska práca

Saved in:
Bibliographic Details
Main Author: Čajka, Dávid
Corporate Author: Fakulta medzinárodných vzťahov EU. Katedra medzinárodných politických vzťahov
Other Authors: Brynko, Olha, 1988-
Format: Book
Language:Slovak
Published: Bratislava 2025
Tags: Add Tag
No Tags, Be the first to tag this record!

MARC

LEADER 00000nbm a2200000 4500
001 0309632
005 20260326140937.6
041 0 |a slo 
044 |a SK 
245 1 0 |a Vplyv korporátov na politické rozhodovanie štátov  |b bakalárska práca  |c Dávid Čajka ; školiteľ: Olha Brynko 
264 1 |a Bratislava  |c 2025 
300 |a 48 s. 
100 1 |a Čajka, Dávid 
700 1 |a Brynko, Olha, 1988- 
710 2 |a Fakulta medzinárodných vzťahov EU. Katedra medzinárodných politických vzťahov